[Event "73rd Tata Steel GMB"]
[Site "Wijk aan Zee NED"]
[Date "2011.01.30"]
[Round "13"]
[White "Hammer, Jon Ludvig"]
[Black "Fressinet, Laurent"]
[Result "0-1"]
[WhiteTitle "GM"]
[BlackTitle "GM"]
[WhiteElo "2647"]
[BlackElo "2707"]
[WhiteFideId "1503707"]
[BlackFideId "608742"]
[EventDate "2011.01.14"]

1. d4 Nf6 2. c4 g6 3. Nc3 Bg7 4. e4 d6 5. Nf3 O-O 6. Be2 Na6 7. O-O e5 8. Re1
Qe8 9. Bf1 Bg4 10. d5 Nb4 11. a3 Bxf3 12. gxf3 Na6 13. b4 Nb8 14. c5 Nh5 15. Be3
Nf4 16. Rc1 a6 17. Na4 Nd7 18. c6 bxc6 19. Rxc6 Qd8 20. Qc2 Qg5+ 21. Kh1 Qh5 22.
Qd1 Rac8 23. Bxa6 Ra8 24. b5 Nb8 25. Nc3 f5 26. Rxc7 Nxa6 27. bxa6 Rxa6 28. Bxf4
exf4 29. e5 Rxa3 30. Rxg7+ Kxg7 31. e6 Kg8 32. Nb5 Ra2 33. Rf1 Rfa8 34. e7 Re8
35. Qb3 Re2 36. Nxd6 R8xe7 37. Ne4 fxe4 38. d6+ Kg7 39. dxe7 Qxf3+ 40. Qxf3 exf3
41. h3 Kf7 42. Kg1 Re5 43. Kh1 Rh5 44. Kh2 Kxe7 45. Ra1 Rg5 46. Ra4 Rg2+ 47. Kh1
Rxf2 48. Rxf4 g5 49. Rf5 Ke6 50. Rf8 Ke5 51. Rf7 h6 0-1